000 00827nam a2200217 a 4500
001 000027178
005 20200930030643.0
008 110330s1957 dr a 000 | spa d
040 _aDO-SdBNP
_bspa
_cBNPHU
082 _a946
_bR995e
100 1 _aRymer K., R.
_954244
245 1 0 _aEspaña :
_bheroica y gloriosa ; (algo de lo que me enseña mi maestro) /
_cR. Rymer V.
260 _aCiudad Trujillo, República Dominicana :
_bEditora del Caribe,
_c1957.
300 _axxxix, 185 p. :
_bil. ;
_c23 cm.
590 _aInventariado, 2018/LP
651 4 _aEspaña
_xHistoria
_98844
651 4 _aRepública Dominicana
_xHistoria
_9170
651 4 _aRepública Dominicana
_xRelaciones Exteriores
_zEspaña
_916011
651 4 _aEspaña
_xRelaciones Exteriores
_zRepública Dominicana
_916012
910 _aValidado. Control de calidad MFF
999 _c26670
_d26670